| 000 | 00722nam a2200217Ia 4500 | ||
|---|---|---|---|
| 003 | GCL | ||
| 008 | 140319s9999 xx 000 0 ara d | ||
| 040 |
_aGCL / _cGCL |
||
| 082 | 0 | 4 |
_a792.9 _bى ط |
| 100 | 1 | _aيوسف عبدالمسيح ثروت | |
| 245 | 1 | 0 |
_aالطريق والحدود: مقالات فى الادب والمسرح والفن / _cيوسف عبدالمسيح ثروت |
| 300 | _a315 ص | ||
| 490 |
_aدراسات _v0 |
||
| 650 | 0 | 4 | _aالمذاهب الادبية |
| 650 | 0 | 4 | _aالفنون |
| 650 | 0 | 4 | _aالمذاهب الاخلاقية |
| 650 | 0 | 4 | _aالمسرحيات - تاريخ ونقد |
| 650 | 0 | 4 | _aالمسرح الروسى |
| 650 | 0 | 4 | _aالمسرح العراقى |
| 942 |
_2ddc _cBK |
||
| 999 |
_c49039 _d49039 |
||